The surface of the earth: an introduction to geotechnical science (Record no. 52656)

MARC details
000 -LEADER
fixed length control field 00386nam a2200145Ia 4500
008 - FIXED-LENGTH DATA ELEMENTS--GENERAL INFORMATION
fixed length control field 230917s9999||||xx |||||||||||||| ||und||
040 ## - CATALOGING SOURCE
-- 82613
Original cataloging agency VIVEKANANDA LIBRARY
041 ## - Language
-- English
082 ## - DDC NUMBER
Classification number 551 W674S
100 ## - MAIN ENTRY--PERSONAL NAME
Personal name Williams, Peter J
245 #4 - TITLE STATEMENT
Title The surface of the earth: an introduction to geotechnical science
260 ## - PUBLICATION, DISTRIBUTION, ETC. (IMPRINT)
Place of publication, distribution, etc London
Name of publisher, distributor, etc Longman
Date of publication, distribution, etc 1982
300 ## - PHYSICAL DESCRIPTION
Pages xi, 212 p.
942 ## - ADDED ENTRY ELEMENTS (KOHA)
Koha item type Books
Holdings
Withdrawn status Lost status Damaged status Not for loan Location (home branch) Sublocation or collection (holding branch) Shelving location Date acquired Koha issues (times borrowed) Koha full call number Accession No. Koha date last seen Koha item type
        VIVEKANANDA LIBRARY VIVEKANANDA LIBRARY Geography Department 17/03/2003   551 W674S 121718 17/09/2023 Books
© Designed and Maintained by Vivekananda Library, MDU Rohtak